Nueva espiritualidad : sociedad moderna y cristianismo /

Guardado en:
Detalles Bibliográficos
Autor principal: Mardones, José María (autor)
Formato: Libro
Idioma:Español
Publicado: Guadalajara, México : México : ITESO ; Universidad Iberoamericana, 1999, c1999
Etiquetas: Agrega una etiqueta
Sin etiquetas, Sé el primero en etiquetar este registro!

MARC

LEADER 00000nam^a2200000^a^4500
001 000595430
005 20250521000000.0
009 20260310133047.74
020 |a 968-859-375-3 
037 |a Acervo ITESO - Biblioteca 
041 |a ESP 
091 |a FCR. 01988 
100 |a Mardones, José María  |e (autor) 
245 1 0 |a Nueva espiritualidad :  |b sociedad moderna y cristianismo / 
264 4 |a Guadalajara, México :  |b ITESO ;  |a México :  |b Universidad Iberoamericana,  |c 1999, c1999 
300 |a 33 p. 
336 |a texto  |b txt  |2 rdacontenido 
337 |a sin mediación  |b n  |2 rdamedio 
338 |a volumen  |b nc  |2 rdasoporte 
649 |a XX 
910 |a Fondo Cristina Romo Gil 
920 |a Impresos - Libros 
930 |a Fondos Especiales 
905 |a 143 
901 |a 596106-10  |b IT2  |c ESP  |i D120524  |u 20250521 
902 |a https://opac.biblio.iteso.mx/vufind/Record/000595430